Vainqueurs de coupe de France hors PSG (2000-2025) - Statistiques

Statistiques générales
  • Ce quiz a été pris 233 fois
  • Le résultat moyen est 4 sur 11
Answers on the Grid
Answers color-coded by a green-red scale on the quiz's grid according to % correct below.
Grenoble Foot 38
RC Strasbourg
Olympique Lyonnais
FC Metz
SCO Angers
EA Guingamp
LOSC Lille
SC Bastia
Valenciennes FC
Girondins de Bordeaux
Stade Rennais
Dijon Football
Toulouse FC
Olympique de Marseille
AJ Auxerre
SM Caen
OGC Nice
FC Lorient
Montpellier HSC
FC Sochaux-Montbéliard
ESTAC Troyes
FC Nantes
 
Statistiques - réponses
Réponse % Correct
Olympique Lyonnais
75%
LOSC Lille
50%
Toulouse FC
44%
Stade Rennais
42%
FC Nantes
40%
EA Guingamp
36%
Girondins de Bordeaux
36%
RC Strasbourg
19%
AJ Auxerre
18%
FC Lorient
15%
FC Sochaux-Montbéliard
13%
Aucun quiz correspondant
Distribution des résultats
% des personnes avec chaque résultat
Percentile par nombre de réponses
Votre historique - résultats
Vous n’avez pas pris ce quiz